| 000 | 00791cam a22002533a 4500 | ||
|---|---|---|---|
| 001 | 19998 | ||
| 003 | PGUSA | ||
| 005 | 20140828083425.0 | ||
| 008 | 061203s2006||||xxu|||||s|||||000 | eng d | ||
| 040 |
_aPGUSA _beng |
||
| 042 | _adc | ||
| 050 | 4 | _aNA | |
| 100 | 1 |
_aAllen, Lewis Falley, _d1800-1890 |
|
| 245 | 1 | 0 |
_aRural Architecture : _bBeing a Complete Description of Farm Houses, Cottages, and Out Buildings _h[electronic resource] / _cLewis Falley Allen |
| 260 |
_bProject Gutenberg, _c2006 |
||
| 506 | _aPublic domain in the USA. | ||
| 516 | _aElectronic text | ||
| 653 | _aArchitecture, Domestic | ||
| 653 | _aDomestic animals | ||
| 700 | 1 |
_aOrr, John William, _d1815-1887 |
|
| 830 | 0 |
_aProject Gutenberg _v19998 |
|
| 856 | 4 | 0 | _uhttp://www.gutenberg.org/ebooks/19998 |
| 942 | _cEB | ||
| 999 |
_c249253 _d249253 |
||